000 00797nam a22002897a 4500
001 0011985
003 KOHA_MİRAKIL
005 20260207001835.0
007 ta
008 090729b2007 us |||gr||||#||||0|Eng |
020 _a9780471431176
_c43,56
040 _aTR-BiSEU
_btur
_cTR-BiSEU
_erda
041 0 _aEng
044 _cus
050 _aTA710
_b.B76 2007
100 1 _aBudhu, M. .
245 1 _aSoil mechanics and foundations/
_cM. Budhu ; Muni Budhu.
264 1 _aNew York :
_bWiley
_c2007
300 _axxv, 586: resimli; 27 cm.
336 _ametin
_btxt
_2rdacontent
337 _aaracısız
_bn
_2rdamedia
338 _acilt
_bnc
_2rdacarrier
500 _aKaynakça ve dizin var.
650 0 _aSoil mechanics.
_94942
650 0 _aFoundations.
_91545
942 _2lcc
_cBK
999 _c11954
_d11954